000 00692nam a2200289Ia 4500
005 20260324143228.0
008 008 260324s9999 xx 000 0 eng d
020 _a9781315092096
037 _aEBOOK
040 _aCRL
040 _beng
040 _cCRL
041 _2eng
041 _aeng
084 _qCRL
100 _aE.T. Phillips; C.A. Fortlage
_91207148
245 0 _aLandscape Construction
245 0 _bVolume 1: Walls, Fences and Railings
260 _bTaylor and Francis
260 _c1992
365 _a
365 _b230
856 _uhttp://www.taylorfrancis.com/books/9781315092096
942 _cEBOOK
999 _c1820009
_d1820009